000
00290 a2200133 4500
001
48040
040
_c
Anchieta - Aquarius
100
_a
Alencar, José de
240
1
0
_a
A pata da gazela
_l
por
245
1
0
_a
A pata da gazela
300
_a
63
650
4
_a
Literatura brasileira
942
_c
BK
999
_c
48040
_d
48040